Obálka Náhled e-knihy:
Epub
Pro půjčování e-knih musíte být přihlášeni.
Jak si půjčit online?

Pouť mrtvého. III, Družina mrtvého /

V originále vyšlo jako dvě knihy: Družina mrtvého a Kostěný drak. Závěr série žánru LitRPG, tedy příběhu ze světa fantasy počítačové hry.

Uloženo v:
Série:Pouť mrtvého, část 3
Hlavní autor: Kornev, Pavel Nikolajevič, 1978- (Autor)
Další autoři: Niklová, Kateřina, 1979- (Autor)
Médium: E-kniha
Jazyk:Czech
Vydáno: Ostrava : Fantom Print, 2020
Vydání:1. vydání
Témata:
Příbuzné jednotky:Název anglické verze:: Deadman's retinue
Z cyklu:: Pouť mrtvého
Tagy:
Žádné tagy
LEADER 02705nam a2200469 i 4500
001 311189
003 CZ PrSKC
005 20260601215701.0
007 ta
008 200602s2020 xr g 000 f cze
015 |a cnb003221424 
020 |a 9788075940650  |q (brožováno) 
035 |a (OCoLC)1200255740 
040 |a ABG001  |b cze  |e rda 
041 1 |a cze  |k eng  |h rus 
072 7 |a 821.161.1  |x Ruská literatura, rusky psaná  |2 Konspekt 
080 |a 821.161.1-31  |2 MRF 
080 |a (0:82-312.9)  |2 MRF 
100 1 |a Kornev, Pavel Nikolajevič,  |d 1978-  |7 ola2015866569  |4 aut 
240 1 0 |a Svita mertveca.  |l Česky 
245 1 0 |a Pouť mrtvého.  |n III,  |p Družina mrtvého /  |c Pavel Korněv ; překlad Kateřina Niklová 
246 3 0 |a Družina mrtvého 
250 |a 1. vydání 
264 1 |a Ostrava :  |b Fantom Print,  |c 2020 
300 |a 303 stran ;  |c 21 cm 
336 |a text  |b txt  |2 rdacontent 
337 |a bez média  |b n  |2 rdamedia 
338 |a svazek  |b nc  |2 rdacarrier 
500 |a Přeloženo z anglické verze ruského originálu? 
520 2 |a V originále vyšlo jako dvě knihy: Družina mrtvého a Kostěný drak. Závěr série žánru LitRPG, tedy příběhu ze světa fantasy počítačové hry.  |b První ze dvou příběhů obsažených v této knize těsně navazuje na závěr předchozího dílu. John Doe, uvězněný ve virtuální realitě coby mrtvá postava, se zoufale snaží získat Svitek vzkříšení; jedině jako "živý" totiž může opustit hru a zachránit svůj život i ve skutečném světě. Druhá část s titulem Kostěný drak nicméně vypráví o jeho návratu do hry Věže moci, z níž jen o vlásek unikl. Tentokrát jej motivují peníze vývojářů hry, jimž má dělat pokusného králíka. Jedinou nevýhodou je, že musí začít úplně od začátku. Alespoň pokud jde o jeho herní úroveň - spojenci z předchozí hry mu zůstali, stejně jako nepřátelé. 
655 7 |a ruské romány  |7 fd133320  |2 czenas 
655 7 |a fantasy romány  |7 fd184199  |2 czenas 
655 9 |a Russian fiction  |2 eczenas 
655 9 |a fantasy novels  |2 eczenas 
700 1 |a Niklová, Kateřina,  |d 1979-  |7 xx0038698  |4 trl 
765 0 8 |i Název anglické verze:  |t Deadman's retinue 
787 0 8 |i Z cyklu:  |t Pouť mrtvého  |g 3 
900 |a ABA001  |b 21 
044 |a xr 
910 |a RBIT002 
998 |d 206452  |a https://core.palmknihy.cz/api/books/206452/cover?qa7pq4  |b https://core.palmknihy.cz/api/books/206452/cover/400?qa7pq4  |c https://core.palmknihy.cz/api/books/206452/cover/50?qa7pq4  |e 2026-07-30  |g 304  |i 9788075940650  |j https://core.palmknihy.cz/api/books/206452/preview.epub  |l   |q 49  |r 1  |s https://www.palmknihy.cz/kniha/206452  |t ebook  |y 2020  |z 0  |v Pouť mrtvého  |w 3 
999 |d 311187